000 00330 a2200157 4500
001 192405
020 _a555565
040 _cMagnum
100 _aDiaféria, Lourenço
240 1 0 _aA morte sem colete
_lpor
245 1 0 _aA morte sem colete
300 _a454
440 1 _aModerna
697 _aLITERATURA GERAL
942 _cBK
999 _c192405
_d192405